000 00364nam a2200133Ia 4500
005 20260328101523.0
008 260328s9999||||xx |||||||||||||| ||und||
100 _aBrown, Tony
245 0 _aSpace Planning Guidelines for campus recreational sport facilities /
_cTony Brown
260 _bNirsa
300 _a127 p.
650 _aARQUITECTURA DEPORTIVA
942 _cBK
999 _c9668
_d9668